Type All Letters A-Z as Fast as Possible! - Statistics

General Stats
  • This quiz has been taken 4,515 times
  • The average score is 22 of 26
Answer Stats
Answer % Correct
e
95%
a
94%
d
91%
q
91%
b
90%
c
90%
f
90%
i
90%
g
88%
h
88%
r
88%
w
88%
j
87%
o
87%
t
86%
k
85%
s
85%
u
85%
l
84%
p
84%
m
83%
n
82%
y
81%
v
79%
x
78%
z
77%
No matching quizzes found
Score Distribution
Percent of People with Each Score
Percentile by Number Answered
Your Score History
You have not taken this quiz